| 000 | 00762nam a2200265 4500 | ||
|---|---|---|---|
| 003 | OSt | ||
| 005 | 20260530113856.0 | ||
| 008 | 260513b |||||||| |||| 00| 0 eng d | ||
| 020 | _a1584231572 | ||
| 040 |
_aICI _bspa _cICI |
||
| 050 |
_aNC1764.5.G73 _bH86 2003 |
||
| 100 | 1 |
_aHundertmark, Christian _931723 |
|
| 245 | 1 | 0 |
_aThe Art of Rebellion: _bWorld of streetart |
| 264 | 1 |
_bGinko Press _c2004 _aEstados Unidos |
|
| 300 | _a144 páginas | ||
| 336 |
_atexto _2rdacontent |
||
| 337 |
_asin medio _2rdamedia |
||
| 338 |
_avolumen _2rdacarrier |
||
| 650 |
_aGraffiti _931724 |
||
| 650 |
_aArte urbano _931725 |
||
| 650 |
_aArte contemporáneo _917571 |
||
| 650 |
_aCultura juvenil _931726 |
||
| 650 |
_aDiseño gráfico urbano _931727 |
||
| 942 |
_2lcc _cBK _n1 |
||
| 999 |
_c11617 _d11617 |
||